| 000 | 01057nam a22003017a 4500 | ||
|---|---|---|---|
| 001 | 8500 | ||
| 003 | FISKH | ||
| 005 | 20250916095633.0 | ||
| 008 | 250916b cb ||||| |||| 00| 0 eng d | ||
| 020 | _a9780746016527 | ||
| 040 |
_aFISKH _beng _cFISKH _dFISKH |
||
| 050 | _aQL763 .M39 | ||
| 082 | _a599.039 | ||
| 100 | _aMayes, Susan | ||
| 245 |
_aThe usborne book of baby animals / _cSusan Mayes ; Designed by Non Figg ; Illustrated by Rachel Lockwood and David Wright |
||
| 250 | _aThis edition published in 1995 | ||
| 260 |
_aLondon : _bUsborne, _c1994. |
||
| 300 |
_a32 pages : _bcolor illustrations ; _c28 cm |
||
| 505 | _aQ | ||
| 520 | _aGiant illustrations bring animals to life for curious youngsters-- Simple, informative text can be read aloud by an adult or enjoyed by the young reader alone | ||
| 521 | 8 |
_a660
_bLexile estimate |
|
| 521 | 8 |
_aQ
_bRaz-Plus |
|
| 650 |
_aAnimals _vNon-fiction |
||
| 700 |
_aLockwood, Rachel _eillustrator |
||
| 700 |
_aWright, David _eillustrator |
||
| 942 |
_2ddc _cBK _n0 |
||
| 999 |
_c8500 _d8500 |
||